000 00463nam a2200169 i 4500
001 145899
003 ES-MaACL
005 20230906201342.0
007 t|
008 071017s1973 sp ||||1| spa d
100 1 _aVega, Isaac de.
_9113551
245 1 0 _aFetasa /
_cIsaac de Vega.
250 _a[1ยช ed.].
260 _aLas Palmas de Gran Canaria :
_bInventarios Provisionales,
_c1973.
300 _a183 p. ;
_c19 cm.
852 _aES-MaACL
_jC-55719
_bR.88396
999 _c145899
_d145899